Language Quiz

Random Language or Spanish Quiz

Spanish Weather Quiz Stats

 Plays Quiz not verified by Sporcle

Challenge
Share
Tweet
Score 0/15 Timer 10:00
0 Plays Today
% Correct
Qué tiempo hace
87%
despejado
71.7%
nublado
71.7%
bien
60.9%
mal
60.9%
Calor
58.7%
Frio
58.7%
Sol
58.7%
% Correct
Fresco
52.2%
niebla
41.3%
Viento
34.8%
llover
23.9%
llueve
19.6%
nevar
15.2%
nieva
8.7%

You're not logged in!

Compare scores with friends on all Sporcle quizzes.
OR
Log In

You Might Also Like...

Show Comments

Extras

Created Feb 26, 2017ReportNominate
Tags:Spanish Quiz, weather

Top Quizzes Today


Score Distribution

Your Account Isn't Verified!

In order to create a playlist on Sporcle, you need to verify the email address you used during registration. Go to your Sporcle Settings to finish the process.

Report this User

Report this user for behavior that violates our Community Guidelines.

Details: